000 00245nam a22000977a 4500
999 _c11756
_d11756
008 200114b ||||| |||| 00| 0 eng d
020 _a1572740183
100 _aJackson Marjorie
_97442
245 _aDragon Feet
260 _aNew York
_bRichard C. Owen